| 000 | 01657cam a2200301 a 4500 | ||
|---|---|---|---|
| 003 | OSt | ||
| 005 | 20200925123133.0 | ||
| 008 | 070725s2007 pe abd r 000 0 spa d | ||
| 020 | _a9789185391868 | ||
| 040 |
_aCO-BoPUJ _cCO-JMCR |
||
| 041 | 0 | _aspa | |
| 082 | 0 | 4 |
_a339.46 / _bI597p _223 |
| 110 | 1 |
_aInstituto Internacional para la Democracia y la Asistencia Electoral _eautor _910827 |
|
| 245 | 1 | 3 |
_aLa política y la pobreza en los países andinos / _cInstituto Internacional para la Democracia y la Asistencia Electoral ; edición y corrección de textos Ramón Ponce Testino y Manuel Fernández Sánchez |
| 250 | _aPrimera edición | ||
| 260 |
_aPerú : _bInternational Idea : _bAsociación Civil Transparencia, _c2007. |
||
| 300 |
_axii, 538 páginas : _bilustraciones, cuadros, gráficas y mapas (algunos a color) y tablas ; _c24 cm. |
||
| 500 | _aPrograma Ágora Democrática. | ||
| 504 | _aIncluye referencias bibliográficas. | ||
| 505 | 0 | _aResumen ejecutivo. -- El contexto bolivariano. -- Las reformas en Bolivia. -- Partidos políticos y agenda pro-pobres. -- Algunos elementos de análisis del sistema de partidos políticos. -- Actores fundamentales de la lucha contra la pobreza y obstáculos para la reforma. -- Recomendaciones. | |
| 650 | 1 | 4 |
_aPartidos políticos _zRegión Andina _910828 |
| 650 | 2 | 4 |
_aPobreza _zRegión Andina _910829 |
| 651 | 4 |
_aRegión Andina _xPolítica social _910830 |
|
| 700 | 1 |
_aPonce Testino, Ramón, _eeditor _910831 |
|
| 700 | 1 |
_aFernández Sánchez, Manuel, _eeditor _910832 |
|
| 942 |
_2ddc _cBK |
||
| 999 |
_c6884 _d6884 |
||